00498nam a2200109Ia 4500008004100000020001800041245013000059260002200189650001700211650011900228856004100347171212s9999 xx 000 0 und d a9781760461119 ceditor Gillespie, Kirsty;Treloyn, Sally;Niles, DonaA Distinctive Voice in the AntipodesbEssays in Honour of Stephen A. Wild bANU E Pressc2017 aAnthropology aWild, Stephen; Essays; Festschriften; Music -- Oceania; Dance -- Oceania; Aboriginal Australian -- Songs and music uhttp://jstor.org/stable/j.ctt1trkk4c